[Event "ICS Rated blitz match"]
[Site "204.178.125.65"]
[Date "2000.10.10"]
[Round "?"]
[White "sirezex"]
[Black "Hossa"]
[Result "1/2-1/2"]
[WhiteElo "2159"]
[BlackElo "2608"]
[PlyCount "82"]
[EventDate "2000.??.??"]

1. e4 e5 2. Nf3 Nc6 3. Bb5 a6 4. Ba4 Nf6 5. O-O Nxe4 6. Re1 Nc5 7. Nc3 Nxa4 8.
Nxe5 Nxc3 9. Nxc6+ Be7 10. Nxe7 Nxd1 11. Nc6+ Kf8 12. Nxd8 d6 13. Rxd1 Ke7 14.
Nxf7 Kxf7 15. d3 Be6 16. Bd2 Rae8 17. a3 Rhf8 18. Re1 c6 19. Bc3 Kg6 20. Re3
Rf7 21. Rae1 Rfe7 22. f4 h5 23. Kf2 b6 24. g3 Kf5 25. h3 c5 26. b4 cxb4 27.
Bxb4 g6 28. Bxd6 Rd7 29. Be5 Rc8 30. c4 g5 31. fxg5 Kg6 32. Bf6 Bxh3 33. Re7
Rxd3 34. Rg7+ Kf5 35. Re5+ Kg4 36. Re4+ Kf5 37. Re5+ Kg4 38. Re4+ Kf5 39. Re5+
Kg4 40. Re4+ Kf5 41. Re5+ Kg4 {Game drawn by repetition} 1/2-1/2

[Event "ICS rated blitz match"]
[Site "204.178.125.65"]
[Date "2000.10.10"]
[Round "?"]
[White "Hossa"]
[Black "brutus"]
[Result "1-0"]
[WhiteElo "2594"]
[BlackElo "2167"]
[PlyCount "53"]
[EventDate "2000.??.??"]

1. e4 e6 2. d4 d5 3. Nd2 Nf6 4. e5 Nfd7 5. Bd3 c5 6. c3 Nc6 7. Ne2 cxd4 8. cxd4
Nb6 9. O-O Bd7 10. Nf3 Nb4 11. Bg5 Be7 12. Bxe7 Qxe7 13. Rc1 Nxd3 14. Qxd3 O-O
15. b3 Rfc8 16. Nc3 h6 17. Rc2 Rc7 18. a4 Rac8 19. Rfc1 Bc6 20. Qe3 Qd8 21. h4
Nd7 22. Qf4 Nb8 23. Ne1 Be8 24. Nd3 b6 25. Nb4 Qe7 26. Ncxd5 exd5 27. Nxd5 {
brutus resigns} 1-0

[Event "ICS rated blitz match"]
[Site "204.178.125.65"]
[Date "2000.10.10"]
[Round "?"]
[White "brutus"]
[Black "Hossa"]
[Result "0-1"]
[WhiteElo "2164"]
[BlackElo "2597"]
[PlyCount "35"]
[EventDate "2000.??.??"]

1. e4 e6 2. d4 a6 3. f4 d5 4. e5 c5 5. c3 Nc6 6. Nf3 cxd4 7. cxd4 Nh6 8. Bd3
Qb6 9. b3 Bd7 10. Be3 Bb4+ 11. Nbd2 Ng4 12. Bg1 Ba3 13. Rb1 Nb4 14. Qe2 Rc8 15.
h3 Nxd3+ 16. Qxd3 Bb5 17. Nc4 Bb4+ 18. Kf1 {brutus resigns} 0-1

[Event "ICS rated blitz match"]
[Site "204.178.125.65"]
[Date "2000.10.10"]
[Round "?"]
[White "Hossa"]
[Black "brutus"]
[Result "1-0"]
[WhiteElo "2599"]
[BlackElo "2162"]
[PlyCount "91"]
[EventDate "2000.??.??"]

1. e4 e6 2. d4 d5 3. Nd2 Nf6 4. e5 Nfd7 5. Bd3 c5 6. c3 Nc6 7. Ne2 cxd4 8. cxd4
Nb6 9. O-O Bd7 10. Nf3 Nb4 11. Bg5 Be7 12. Bxe7 Qxe7 13. Rc1 Nxd3 14. Qxd3 O-O
15. b3 a6 16. Nc3 Rfc8 17. h4 Rc7 18. Ng5 g6 19. a4 Rac8 20. Ne2 Rxc1 21. Rxc1
Rxc1+ 22. Nxc1 Bc6 23. Qd2 Kg7 24. a5 Nd7 25. Nf3 Bb5 26. h5 h6 27. hxg6 fxg6
28. Na2 Nb8 29. Nb4 Nc6 30. Nxc6 Bxc6 31. Nh2 Qa3 32. Ng4 g5 33. f4 Qxb3 34.
fxg5 Qb1+ 35. Kh2 hxg5 36. Qxg5+ Qg6 37. Qf6+ Qxf6 38. exf6+ Kg6 39. Kg3 Ba4
40. Kf4 Bd1 41. Nf2 Bc2 42. Ke5 Kf7 43. g4 Bg6 44. Nh3 Be4 45. Ng5+ Kg6 46.
Kxe6 {brutus resigns} 1-0

[Event "ICS rated blitz match"]
[Site "204.178.125.65"]
[Date "2000.10.10"]
[Round "?"]
[White "brutus"]
[Black "Hossa"]
[Result "0-1"]
[WhiteElo "2160"]
[BlackElo "2601"]
[PlyCount "62"]
[EventDate "2000.??.??"]

1. e4 c6 2. d4 d5 3. Nc3 dxe4 4. Nxe4 Bf5 5. Ng3 Bg6 6. Nf3 Nd7 7. Bd3 Ngf6 8.
O-O Bxd3 9. Qxd3 e6 10. Bg5 h6 11. Bd2 Qc7 12. Rfe1 O-O-O 13. Qe2 Bd6 14. c4 c5
15. Bc3 Bxg3 16. hxg3 cxd4 17. Bxd4 Qa5 18. b4 Qxb4 19. Rab1 Qa3 20. Rb3 Qa6
21. Reb1 b6 22. Qc2 Qa4 23. c5 Qc6 24. Ne5 Nxe5 25. Bxe5 Rd5 26. cxb6 Qxc2 27.
bxa7 Qd1+ 28. Rxd1 Rxd1+ 29. Kh2 Ng4+ 30. Kh3 Nxf2+ 31. Kh4 Rh1# {
brutus checkmated} 0-1

[Event "ICS rated blitz match"]
[Site "204.178.125.65"]
[Date "2000.10.10"]
[Round "?"]
[White "Hossa"]
[Black "brutus"]
[Result "1-0"]
[WhiteElo "2603"]
[BlackElo "2158"]
[PlyCount "47"]
[EventDate "2000.??.??"]

1. e4 e6 2. d4 d5 3. Nd2 Nf6 4. e5 Nfd7 5. Bd3 c5 6. c3 Nc6 7. Ne2 cxd4 8. cxd4
Nb6 9. O-O Bd7 10. Nf3 Nb4 11. Bg5 Be7 12. Bxe7 Qxe7 13. Rc1 Nxd3 14. Qxd3 O-O
15. b3 Rfc8 16. Nc3 a6 17. Rc2 Rc7 18. Rfc1 Rac8 19. Qe3 Be8 20. Ng5 h6 21. Nf3
Nd7 22. Nxd5 exd5 23. Rxc7 Rxc7 24. Rxc7 {brutus resigns} 1-0

[Event "ICS rated blitz match"]
[Site "204.178.125.65"]
[Date "2000.10.10"]
[Round "?"]
[White "brutus"]
[Black "Hossa"]
[Result "0-1"]
[WhiteElo "2156"]
[BlackElo "2605"]
[PlyCount "46"]
[EventDate "2000.??.??"]

1. e4 e6 2. d4 d5 3. Nc3 Nc6 4. e5 Bd7 5. f4 Nh6 6. Nf3 a6 7. Be2 Bb4 8. O-O f6
9. Kh1 Ba5 10. Be3 Ng4 11. Bg1 Ne7 12. Ng5 Nxh2 13. Bxh2 fxg5 14. fxg5 Nc6 15.
Qd3 Qxg5 16. a3 O-O-O 17. Bf3 Bb6 18. Ne2 Rdf8 19. c3 Na5 20. b4 Nc4 21. a4 Ne3
22. Rfb1 Rxf3 23. gxf3 Qg2# {brutus checkmated} 0-1

[Event "ICS rated blitz match"]
[Site "204.178.125.65"]
[Date "2000.10.10"]
[Round "?"]
[White "Hossa"]
[Black "finearts"]
[Result "1-0"]
[WhiteElo "2607"]
[BlackElo "2007"]
[PlyCount "35"]
[EventDate "2000.??.??"]

1. e4 e5 2. Nf3 Nc6 3. Bc4 Nf6 4. Ng5 d5 5. exd5 Nd4 6. c3 b5 7. Bf1 Nxd5 8.
Ne4 Qh4 9. Ng3 Bg4 10. f3 e4 11. cxd4 Bd6 12. Bxb5+ Kd8 13. O-O exf3 14. Qb3
Nb4 15. a3 fxg2 16. Rxf7 c6 17. axb4 cxb5 18. Qd5 {finearts resigns} 1-0

[Event "ICS rated blitz match"]
[Site "204.178.125.65"]
[Date "2000.10.10"]
[Round "?"]
[White "finearts"]
[Black "Hossa"]
[Result "0-1"]
[WhiteElo "2006"]
[BlackElo "2608"]
[PlyCount "40"]
[EventDate "2000.??.??"]

1. e4 e5 2. Nc3 Nf6 3. Bc4 Nxe4 4. Qh5 Nd6 5. Bb3 Nc6 6. Nb5 g6 7. Qf3 Nf5 8.
Qd5 Nh6 9. d4 d6 10. Bxh6 Be6 11. Qe4 Bxh6 12. d5 Bf5 13. Qa4 a6 14. dxc6 axb5
15. Qxb5 b6 16. Nf3 O-O 17. O-O Be4 18. Qe2 Bxc6 19. Rad1 Qf6 20. Rd3 e4 {
finearts resigns} 0-1

[Event "ICS Rated blitz match"]
[Site "204.178.125.65"]
[Date "2000.10.10"]
[Round "?"]
[White "Hossa"]
[Black "finearts"]
[Result "1-0"]
[WhiteElo "2609"]
[BlackElo "2005"]
[PlyCount "81"]
[EventDate "2000.??.??"]

1. e4 e5 2. Nf3 Nc6 3. Bc4 Nf6 4. Ng5 d5 5. exd5 Na5 6. Bb5+ c6 7. dxc6 bxc6 8.
Be2 h6 9. Nf3 e4 10. Ne5 Bd6 11. d4 exd3 12. Nxd3 O-O 13. Nd2 Qc7 14. b3 Bf5
15. Bb2 Ne4 16. g4 Bh7 17. h4 Nxd2 18. Qxd2 Rad8 19. Qc3 f6 20. O-O-O c5 21.
Bf3 c4 22. Bd5+ Kh8 23. bxc4 Rb8 24. g5 Bxd3 25. cxd3 Be5 26. d4 Bf4+ 27. Kb1
fxg5 28. hxg5 Bxg5 29. Qc2 Rfc8 30. c5 Qf4 31. Rh3 Rb4 32. a3 Rb5 33. Rf3 Qc7
34. Rf7 Qd8 35. Qg6 Bf6 36. Be4 Rxb2+ 37. Kxb2 Rb8+ 38. Kc2 Kg8 39. Rxa7 Nb7
40. Qh7+ Kf7 41. Bxb7 {finearts resigns} 1-0

[Event "ICS Rated standard match"]
[Site "204.178.125.65"]
[Date "2000.10.10"]
[Round "?"]
[White "AnatKarp"]
[Black "Hossa"]
[Result "1/2-1/2"]
[WhiteElo "2347"]
[BlackElo "2462"]
[PlyCount "212"]
[EventDate "2000.??.??"]

1. d4 d5 2. Nf3 Nf6 3. c4 e6 4. Nc3 c6 5. e3 Bd6 6. Bd3 b6 7. O-O O-O 8. Qe2
dxc4 9. Bxc4 b5 10. Bd3 b4 11. Nb1 Nbd7 12. a3 c5 13. axb4 cxd4 14. Nxd4 Bb7
15. b5 Qc7 16. f4 Rfc8 17. Nc3 Nc5 18. Bc2 Nce4 19. Ra4 Nxc3 20. bxc3 Qxc3 21.
Bb2 Qc7 22. Rc1 Qd7 23. Rca1 Bb8 24. Rd1 Bd6 25. Nf3 Qc7 26. Bxf6 Qxc2 27. Qxc2
Rxc2 28. Rxd6 gxf6 29. Rd2 Rc5 30. b6 a5 31. Rb2 Bc6 32. Ra1 Bb7 33. Kf2 a4 34.
Ra3 e5 35. Rb4 Rc2+ 36. Kg3 Kh8 37. fxe5 Rg8+ 38. Kf4 Rgxg2 39. e4 fxe5+ 40.
Kxe5 Rg4 41. Raxa4 Rc6 42. Ra7 Re6+ 43. Kf5 Rgxe4 44. Rb5 Bc8 45. Ra8 R6e5+ 46.
Kf6 Re6+ 47. Kg5 Rg6+ 48. Kh5 Rg8 49. Ng5 Re2 50. h4 Bg4+ 51. Kxg4 Rxa8 52.
Nxf7+ Kg8 53. Ne5 Rb8 54. Kf5 Rb7 55. Ke6 Rf2 56. Nc4 Kg7 57. Rb1 Rf4 58. Kd5
Kf6 59. Kc6 Rb8 60. Kc7 Rg8 61. Nd6 Rxh4 62. b7 Rhg4 63. b8=Q Rxb8 64. Rxb8 h5
65. Rf8+ Kg5 66. Kc6 Rf4 67. Rg8+ Kh4 68. Kd5 Rf1 69. Ke5 Kh3 70. Rc8 h4 71.
Nf5 Re1+ 72. Kf4 Rf1+ 73. Kg5 Rg1+ 74. Kh5 Rg3 75. Nxh4 Rg1 76. Nf5 Kg2 77. Kg4
Kh2+ 78. Kf3 Rf1+ 79. Ke4 Re1+ 80. Ne3 Rb1 81. Kf3 Rb3 82. Rh8+ Kg1 83. Rg8+
Kh2 84. Ke4 Rb4+ 85. Kd5 Rf4 86. Ke5 Rf7 87. Nf5 Kh3 88. Rh8+ Kg2 89. Rg8+ Kh3
90. Rg3+ Kh2 91. Rg6 Rd7 92. Nd4 Re7+ 93. Kf4 Rf7+ 94. Nf5 Rf8 95. Ke4 Re8+ 96.
Kf3 Rf8 97. Rg2+ Kh3 98. Rg5 Kh2 99. Ke4 Re8+ 100. Kd5 Rd8+ 101. Nd6 Kh3 102.
Rg7 Kh4 103. Ke5 Kh5 104. Ra7 Rg8 105. Rh7+ Kg6 106. Rf7 Kh6 {
Game drawn by mutual agreement} 1/2-1/2

[Event "ICS rated blitz match"]
[Site "204.178.125.65"]
[Date "2000.10.10"]
[Round "?"]
[White "Varguz"]
[Black "Hossa"]
[Result "1-0"]
[WhiteElo "2716"]
[BlackElo "2610"]
[PlyCount "217"]
[EventDate "2000.??.??"]

1. c4 e5 2. Nc3 Nf6 3. Nf3 Nc6 4. g3 Bb4 5. Bg2 O-O 6. O-O Re8 7. Nd5 a5 8. d3
Nxd5 9. cxd5 Nd4 10. e4 Bc5 11. Be3 d6 12. Nxd4 exd4 13. Bf4 a4 14. Qh5 Qd7 15.
Rab1 Qg4 16. Qxg4 Bxg4 17. f3 Bd7 18. h3 h6 19. h4 f6 20. g4 g5 21. Bg3 gxh4
22. Bxh4 Kg7 23. Bg3 Rg8 24. Rbc1 a3 25. b3 Bb5 26. Rfd1 Kg6 27. Bh3 Rg7 28.
Bf4 Bb4 29. Rb1 Bc3 30. Kg2 Rag8 31. Kg3 Re7 32. Kf2 Kg7 33. Bg2 Rh8 34. Bc1
Kg6 35. f4 Ra8 36. f5+ Kg7 37. Bf4 Rae8 38. Bf3 Rg8 39. Kg1 Rf7 40. Kf1 Rff8
41. Rbc1 Ra8 42. Be2 Rac8 43. Kg2 Bd7 44. Rh1 Rh8 45. Rh5 Rh7 46. Rch1 Rch8 47.
R5h4 Be8 48. Bd1 b6 49. Be2 Bd7 50. Rh5 b5 51. Kg1 Be8 52. R5h2 b4 53. Rh3 Bd7
54. Kg2 Bc8 55. Rh5 Ba6 56. R1h3 Bb5 57. Rh2 Bd7 58. R5h3 Bc8 59. Rh1 Ba6 60.
Bd1 Bb5 61. Bc2 Be8 62. Kg1 h5 63. g5 fxg5 64. Bxg5 Kf8 65. Bf6 Rg8+ 66. Kf1
Rf7 67. Bh4 Rfg7 68. Bd1 Rh7 69. Be2 Rgg7 70. Bd8 Rd7 71. Bg5 Rdg7 72. Bf4 Rg8
73. Bxh5 Rgh8 74. Bg4 Rxh3 75. Rxh3 Rxh3 76. Bxh3 Bh5 77. Kf2 Bd1 78. f6 Kf7
79. e5 dxe5 80. Bxe5 Bh5 81. Be6+ Kf8 82. Bxc7 Bd2 83. Ba5 Bf7 84. Bxf7 Kxf7
85. d6 Ke6 86. f7 Kxf7 87. d7 Be3+ 88. Ke2 Bg5 89. d8=R Bxd8 90. Bxd8 Ke6 91.
Ba5 Kd5 92. Bxb4 Ke5 93. Bxa3 Kd5 94. Bb2 Ke5 95. Bxd4+ Kf4 96. a4 Kf5 97. a5
Ke6 98. a6 Kd6 99. Be5+ Ke6 100. a7 Kf5 101. a8=Q Ke6 102. Qe8+ Kf5 103. Qf7+
Kxe5 104. Ke3 Kd6 105. Kd4 Kc6 106. Qe7 Kb6 107. Qd7 Ka6 108. Kc5 Ka5 109. Qa7#
{Hossa checkmated} 1-0

[Event "ICS rated bullet match"]
[Site "204.178.125.65"]
[Date "2000.10.10"]
[Round "?"]
[White "Kingway"]
[Black "Hossa"]
[Result "0-1"]
[WhiteElo "2434"]
[BlackElo "2369"]
[PlyCount "56"]
[EventDate "2000.??.??"]

1. d4 Nf6 2. c4 g6 3. Nc3 Bg7 4. e4 O-O 5. Nf3 d6 6. Be2 Bg4 7. O-O e5 8. d5
Na6 9. Ne1 Bd7 10. Nd3 Qe7 11. b4 c6 12. Be3 cxd5 13. cxd5 Nc7 14. a4 b5 15. a5
Rfc8 16. Rc1 Kh8 17. f3 Kg8 18. Qd2 Na6 19. Rc2 Rc4 20. Rb1 Rc7 21. Nf2 Rac8
22. Bd3 Nh5 23. g3 f5 24. Bg5 Qf8 25. Rbb2 h6 26. Be3 f4 27. Nxb5 fxe3 28. Qxe3
Rxc2 {Kingway resigns} 0-1

[Event "ICS rated blitz match"]
[Site "204.178.125.65"]
[Date "2000.10.10"]
[Round "?"]
[White "Hossa"]
[Black "finearts"]
[Result "1-0"]
[WhiteElo "2599"]
[BlackElo "2000"]
[PlyCount "35"]
[EventDate "2000.??.??"]

1. e4 e5 2. f4 exf4 3. Nf3 d5 4. exd5 Nf6 5. Bc4 Nxd5 6. O-O Be6 7. Re1 Be7 8.
d3 g5 9. Bxd5 Qxd5 10. Nc3 Qa5 11. Re5 Qb6+ 12. Kh1 Nd7 13. Rb5 Qc6 14. Nd4 Qd6
15. Rxb7 O-O 16. Ncb5 Qc5 17. Rxc7 Qd5 18. c4 {finearts resigns} 1-0

[Event "ICS rated blitz match"]
[Site "204.178.125.65"]
[Date "2000.10.10"]
[Round "?"]
[White "finearts"]
[Black "Hossa"]
[Result "0-1"]
[WhiteElo "1999"]
[BlackElo "2600"]
[PlyCount "46"]
[EventDate "2000.??.??"]

1. e4 e5 2. Nc3 Nc6 3. Bc4 Nf6 4. d3 Na5 5. Nf3 Nxc4 6. dxc4 Bb4 7. Qd3 d6 8.
Bg5 O-O 9. O-O c6 10. Ne2 Be6 11. Ng3 h6 12. Be3 Ng4 13. c3 Nxe3 14. Qxe3 Bc5
15. Qd3 Qe7 16. b4 Bb6 17. Rad1 Rfe8 18. a4 g6 19. a5 Bc7 20. Qe3 Bxc4 21. Qxh6
Bxf1 22. Ng5 f6 23. Qxg6+ Qg7 {finearts resigns} 0-1

[Event "ICS rated blitz match"]
[Site "204.178.125.65"]
[Date "2000.10.10"]
[Round "?"]
[White "Hossa"]
[Black "finearts"]
[Result "1-0"]
[WhiteElo "2601"]
[BlackElo "1998"]
[PlyCount "51"]
[EventDate "2000.??.??"]

1. e4 e5 2. Bc4 Nf6 3. Nc3 Nc6 4. d3 Bb4 5. Nge2 d5 6. exd5 Nxd5 7. a3 Nxc3 8.
Nxc3 Bxc3+ 9. bxc3 O-O 10. Qh5 Qe7 11. a4 Be6 12. Ba3 Qd7 13. Bxe6 Qxe6 14.
Bxf8 Rxf8 15. O-O f5 16. a5 Rf6 17. Rfb1 b6 18. a6 f4 19. Qf3 g5 20. Ra4 g4 21.
Qe4 Rh6 22. Qc4 Qxc4 23. Rxc4 Re6 24. d4 exd4 25. cxd4 Na5 26. Rxc7 {
finearts resigns} 1-0

[Event "ICS rated blitz match"]
[Site "204.178.125.65"]
[Date "2000.10.10"]
[Round "?"]
[White "Hossa"]
[Black "GSG"]
[Result "1-0"]
[WhiteElo "2603"]
[BlackElo "2135"]
[PlyCount "61"]
[EventDate "2000.??.??"]

1. e4 c5 2. Nf3 d6 3. d4 cxd4 4. Nxd4 Nf6 5. Nc3 a6 6. Bg5 Nbd7 7. Be2 Qb6 8.
Nb3 e6 9. O-O Be7 10. Qd2 O-O 11. Qf4 Ne5 12. a3 Bd7 13. Qd2 Rac8 14. Rad1 Rxc3
15. Qxc3 Nxe4 16. Qe3 Qxe3 17. Bxe3 Rc8 18. Rc1 Ba4 19. f3 Nf6 20. Bd4 Nc4 21.
f4 e5 22. Bxc4 Rxc4 23. fxe5 dxe5 24. Bxe5 Ng4 25. Bc3 Bg5 26. Bd2 Bf6 27. h3
Ne5 28. Bc3 b5 29. Rce1 Bxb3 30. cxb3 Rc5 31. Rf5 {GSG resigns} 1-0

[Event "ICS rated blitz match"]
[Site "204.178.125.65"]
[Date "2000.10.10"]
[Round "?"]
[White "finearts"]
[Black "Hossa"]
[Result "0-1"]
[WhiteElo "2007"]
[BlackElo "2607"]
[PlyCount "62"]
[EventDate "2000.??.??"]

1. e4 e5 2. Nc3 Nf6 3. Bc4 Nxe4 4. Qh5 Nd6 5. Bb3 Nc6 6. Nb5 g6 7. Qf3 Nf5 8.
d3 Be7 9. Qd5 O-O 10. g4 Ng7 11. Bh6 a6 12. Nc3 d6 13. O-O-O Bg5+ 14. Bxg5
Qxg5+ 15. Kb1 Qxg4 16. Nge2 Be6 17. Qe4 Qxe4 18. Nxe4 f6 19. N2g3 Bxb3 20. axb3
Ne6 21. Nc3 Nf4 22. Nge4 d5 23. Nc5 b6 24. N5a4 d4 25. Ne4 f5 26. Ng5 h6 27.
Nf3 Rfd8 28. Rde1 Re8 29. Rhg1 Kf7 30. Nd2 g5 31. Nc4 b5 {finearts resigns} 0-1

[Event "ICS rated blitz match"]
[Site "204.178.125.65"]
[Date "2000.10.10"]
[Round "?"]
[White "Hossa"]
[Black "finearts"]
[Result "1-0"]
[WhiteElo "2608"]
[BlackElo "2006"]
[PlyCount "31"]
[EventDate "2000.??.??"]

1. e4 e5 2. Bc4 Nf6 3. Nc3 Nc6 4. d3 Bb4 5. Nge2 d5 6. exd5 Nxd5 7. a3 Bxc3+ 8.
Nxc3 Be6 9. Ne4 O-O 10. Nc5 Bc8 11. O-O b6 12. Qf3 Nde7 13. Bb5 Bd7 14. Nxd7
Qxd7 15. Bg5 a6 16. Bxe7 {finearts resigns} 1-0

[Event "ICS rated blitz match"]
[Site "204.178.125.65"]
[Date "2000.10.10"]
[Round "?"]
[White "finearts"]
[Black "Hossa"]
[Result "0-1"]
[WhiteElo "2005"]
[BlackElo "2609"]
[PlyCount "56"]
[EventDate "2000.??.??"]

1. e4 e6 2. d4 d6 3. e5 dxe5 4. dxe5 Qxd1+ 5. Kxd1 Bd7 6. Nf3 Nc6 7. c3 Bc5 8.
Ke1 O-O-O 9. Nbd2 f6 10. Ne4 Be7 11. Bc4 Na5 12. Be2 Bc6 13. Ng3 h5 14. h4 Bd5
15. Be3 Kb8 16. b3 fxe5 17. Nxe5 Bf6 18. Bd4 Nc6 19. Nf7 Nxd4 20. cxd4 Bxd4 21.
Rd1 Bxf2+ 22. Kxf2 Rf8 23. Rhf1 Rxf7+ 24. Kg1 Rxf1+ 25. Bxf1 Ne7 26. Be2 g6 27.
Nf1 Nf5 28. Rd2 Nxh4 {finearts resigns} 0-1

[Event "ICS rated blitz match"]
[Site "204.178.125.65"]
[Date "2000.10.10"]
[Round "?"]
[White "Hossa"]
[Black "finearts"]
[Result "1-0"]
[WhiteElo "2610"]
[BlackElo "2004"]
[PlyCount "105"]
[EventDate "2000.??.??"]

1. e4 e5 2. Bc4 Nf6 3. Nc3 Be7 4. Nf3 Nc6 5. d4 d6 6. dxe5 dxe5 7. Qxd8+ Bxd8
8. O-O O-O 9. Bg5 Bg4 10. Bb5 Nd4 11. Nxd4 exd4 12. Bxf6 Bxf6 13. Nd5 Bd8 14.
h3 Bc8 15. Nf4 c6 16. Bd3 Bc7 17. Ne2 c5 18. f4 a6 19. Bc4 Bd7 20. Kf2 b5 21.
Bd5 Rad8 22. a3 Rfe8 23. b4 Bb6 24. Kf3 c4 25. Rfd1 Be6 26. Bc6 Re7 27. f5 Bc8
28. Nf4 Rc7 29. Nd5 Rxc6 30. Ne7+ Kf8 31. Nxc6 Rd6 32. Na5 h6 33. a4 g6 34. e5
Rd8 35. fxg6 fxg6 36. axb5 axb5 37. Rf1 Kg7 38. Kg3 Bf5 39. Nc6 Rd7 40. Ra6 Bc7
41. Rf2 Be4 42. Rd2 Bxc6 43. Rxc6 Bxe5+ 44. Kf3 d3 45. cxd3 Bc3 46. Rd1 Bxb4
47. d4 Be7 48. Ke4 Bf6 49. g3 Re7+ 50. Kd5 Re3 51. Rb6 Rxg3 52. Rb7+ Kf8 53.
Rf1 {finearts resigns} 1-0

[Event "ICS rated blitz match"]
[Site "204.178.125.65"]
[Date "2000.10.10"]
[Round "?"]
[White "finearts"]
[Black "Hossa"]
[Result "0-1"]
[WhiteElo "2003"]
[BlackElo "2611"]
[PlyCount "22"]
[EventDate "2000.??.??"]

1. e4 e5 2. Nc3 Nf6 3. Bc4 Nxe4 4. Qh5 Nd6 5. Bb3 Nc6 6. Nb5 g6 7. Qf3 Nf5 8.
Ne2 Bg7 9. O-O a6 10. Nbc3 O-O 11. d3 Ncd4 {finearts resigns} 0-1

[Event "ICS rated blitz match"]
[Site "204.178.125.65"]
[Date "2000.10.10"]
[Round "?"]
[White "PabloZelig"]
[Black "Hossa"]
[Result "0-1"]
[WhiteElo "2003"]
[BlackElo "2612"]
[PlyCount "52"]
[EventDate "2000.??.??"]

1. d4 d5 2. c4 e6 3. Nc3 Nf6 4. cxd5 exd5 5. Bg5 Be7 6. e3 O-O 7. Bd3 c6 8. Qc2
Nbd7 9. Nge2 h6 10. Bxf6 Nxf6 11. h3 Bb4 12. O-O-O b6 13. g4 a5 14. Rdg1 Bd7
15. Nf4 a4 16. g5 hxg5 17. Rxg5 Bxc3 18. bxc3 Ne4 19. Rg2 Qe7 20. Rhg1 g6 21.
h4 Qa3+ 22. Qb2 Qxc3+ 23. Qxc3 Nxc3 24. Nxg6 fxg6 25. Rxg6+ Kf7 26. Rg7+ Ke8 {
PabloZelig resigns} 0-1

[Event "ICS rated standard match"]
[Site "204.178.125.65"]
[Date "2000.10.10"]
[Round "?"]
[White "Hossa"]
[Black "Amateur"]
[Result "1-0"]
[WhiteElo "2457"]
[BlackElo "2358"]
[PlyCount "117"]
[EventDate "2000.??.??"]

1. d4 Nf6 2. c4 g6 3. Nc3 Bg7 4. e4 d6 5. Nf3 O-O 6. Be2 e5 7. O-O Nc6 8. d5
Ne7 9. Ne1 h6 10. Nc2 Nh7 11. f4 f5 12. fxe5 dxe5 13. Bd2 fxe4 14. Nxe4 Bf5 15.
Nf2 Qd6 16. Ne3 Rf7 17. Qb3 Rb8 18. Neg4 g5 19. Ne3 Bg6 20. Bb4 c5 21. dxc6
Qxc6 22. Bxe7 Rxe7 23. Qa3 Rf7 24. Qxa7 Re8 25. c5 Rf4 26. Bc4+ Bf7 27. Bxf7+
Rxf7 28. Nfg4 Rf4 29. Qa3 Ref8 30. Rad1 Qb5 31. Rxf4 exf4 32. Nd5 Qe2 33. Qf3
Qxf3 34. gxf3 h5 35. Nf2 Bxb2 36. Ne7+ Kf7 37. Rd7 Ba3 38. Ne4 Ke6 39. Rxb7 Rf7
40. Nc6 Rxb7 41. Nd8+ Kd7 42. Nxb7 Bb4 43. Kg2 Kc7 44. Nbd6 Bxc5 45. Ne8+ Kc6
46. N8f6 Nxf6 47. Nxf6 Kb5 48. Nxh5 Bd6 49. Nf6 Bc5 50. Ne4 Bd4 51. Nxg5 Kc4
52. h4 Kd5 53. Kh3 Bc5 54. h5 Ke5 55. h6 Kf5 56. h7 Bd4 57. Nf7 Kg6 58. h8=Q
Bxh8 59. Nxh8+ {Amateur resigns} 1-0

[Event "ICS rated blitz match"]
[Site "204.178.125.65"]
[Date "2000.10.10"]
[Round "?"]
[White "Hossa"]
[Black "eggyburp"]
[Result "1-0"]
[WhiteElo "2613"]
[BlackElo "2159"]
[PlyCount "91"]
[EventDate "2000.??.??"]

1. e4 e5 2. Bc4 c6 3. Qh5 Qf6 4. d4 exd4 5. Bg5 Qg6 6. Qxg6 hxg6 7. Nf3 Bb4+ 8.
Nbd2 b5 9. Bd3 Nf6 10. Nxd4 d6 11. c3 Bc5 12. N2b3 Bb6 13. Bf4 Ke7 14. e5 dxe5
15. Bxe5 Bb7 16. O-O Nbd7 17. Bf4 Rhe8 18. Rfd1 Kf8 19. Bd6+ Kg8 20. a4 a6 21.
axb5 cxb5 22. Na5 Bd5 23. Nac6 Bxd4 24. Nxd4 Ne5 25. Bxe5 Rxe5 26. Ra5 Rae8 27.
Rxa6 Re1+ 28. Rxe1 Rxe1+ 29. Bf1 Bc4 30. g4 Rxf1+ 31. Kg2 Nxg4 32. b3 Bd3 33.
Ra8+ Kh7 34. Rb8 Rxf2+ 35. Kg3 f5 36. h3 Rf1 37. hxg4 Rg1+ 38. Kf2 Rxg4 39.
Nxb5 g5 40. Nd6 f4 41. b4 Rh4 42. Nf7 g4 43. Rh8+ Kg6 44. Rxh4 g3+ 45. Kf3 Kxf7
46. Rxf4+ {eggyburp resigns} 1-0

[Event "ICS rated blitz match"]
[Site "204.178.125.65"]
[Date "2000.10.10"]
[Round "?"]
[White "Hossa"]
[Black "F22Storm"]
[Result "1/2-1/2"]
[WhiteElo "2617"]
[BlackElo "2532"]
[PlyCount "112"]
[EventDate "2000.??.??"]

1. e4 e5 2. Nf3 Nc6 3. Bc4 Bc5 4. c3 Nf6 5. d4 exd4 6. cxd4 Bb4+ 7. Nc3 Nxe4 8.
O-O Bxc3 9. d5 Ne5 10. bxc3 Nxc4 11. Qd4 O-O 12. Qxe4 Nd6 13. Qd3 Re8 14. Ba3
Ne4 15. Rae1 Nf6 16. d6 cxd6 17. Bxd6 b6 18. Be5 Bb7 19. Bxf6 Qxf6 20. Qxd7 Bc6
21. Rxe8+ Rxe8 22. Qxa7 Bxf3 23. gxf3 Qg6+ 24. Kh1 Qc6 25. Kg2 Ra8 26. Rd1 Kf8
27. Rd6 Qxf3+ 28. Kxf3 Rxa7 29. Rxb6 Rxa2 30. Rb7 Rd2 31. c4 Rd3+ 32. Kg2 Rd6
33. Rb3 Rg6+ 34. Rg3 Rc6 35. Rc3 Rc5 36. h3 Ke7 37. Kf3 Kd6 38. Ke4 g6 39. f4
Rf5 40. Ra3 h6 41. Ra6+ Kc5 42. Ra5+ Kxc4 43. Rxf5 gxf5+ 44. Kxf5 Kd4 45. h4
Ke3 46. Kg4 h5+ 47. Kg5 Ke4 48. f5 Ke5 49. f6 Ke6 50. Kh6 Kxf6 51. Kxh5 Kg7 52.
Kg5 f6+ 53. Kf5 Kh6 54. Kxf6 Kh7 55. h5 Kh6 56. Kf7 Kxh5 {
Game drawn because neither player has mating material} 1/2-1/2

[Event "ICS rated blitz match"]
[Site "204.178.125.65"]
[Date "2000.10.10"]
[Round "?"]
[White "F22Storm"]
[Black "Hossa"]
[Result "1-0"]
[WhiteElo "2536"]
[BlackElo "2613"]
[PlyCount "71"]
[EventDate "2000.??.??"]

1. e4 e6 2. d4 d5 3. Nc3 Nc6 4. Nf3 Nf6 5. e5 Ne4 6. Bd3 Bb4 7. Bd2 Nxd2 8.
Qxd2 f6 9. Bb5 a6 10. Bxc6+ bxc6 11. exf6 gxf6 12. Qh6 Qe7 13. a3 Bd6 14. Qh5+
Kd7 15. O-O-O Rb8 16. Qh6 Rg8 17. g3 Ke8 18. Rhe1 Rg6 19. Qe3 Kf8 20. Ne2 Kg8
21. Nf4 Rg4 22. h3 Bxf4 23. gxf4 Rg7 24. f5 e5 25. dxe5 Bxf5 26. Nd4 Bd7 27. e6
Be8 28. Nf5 Qd8 29. Qh6 Rg6 30. Rg1 Qd7 31. exd7 Kf7 32. Qxh7+ Ke6 33. dxe8=Q+
Rxe8 34. Rde1+ Kxf5 35. Qxg6+ Kf4 36. Qxf6# {Hossa checkmated} 1-0

[Event "ICS rated blitz match"]
[Site "204.178.125.65"]
[Date "2000.10.10"]
[Round "?"]
[White "brit"]
[Black "Hossa"]
[Result "0-1"]
[WhiteElo "1907"]
[BlackElo "2595"]
[PlyCount "86"]
[EventDate "2000.??.??"]

1. e4 c6 2. Nf3 d5 3. e5 Bf5 4. d4 e6 5. Bd3 Bxd3 6. Qxd3 Na6 7. O-O Qd7 8. c3
c5 9. Be3 cxd4 10. Nxd4 Nc5 11. Qe2 Be7 12. f4 Nh6 13. Nd2 O-O 14. g4 f5 15. g5
Ng4 16. N2b3 Ne4 17. h3 Ng3 18. Qf3 Nxf1 19. hxg4 Nxe3 20. Qxe3 fxg4 21. Kg2 a5
22. Rh1 a4 23. Nc1 a3 24. b3 Bd8 25. Qg3 Qf7 26. Nce2 Bb6 27. Qxg4 Bxd4 28.
cxd4 Qf5 29. Qxf5 Rxf5 30. Rc1 Rff8 31. Rc5 Rac8 32. Kf3 Rxc5 33. dxc5 Kf7 34.
Nd4 h5 35. b4 g6 36. Nb5 Ke7 37. Nd6 Rb8 38. Ke3 Kd7 39. b5 Kc7 40. Kd4 h4 41.
Ke3 h3 42. Kf3 Rh8 43. Nf7 h2 {brit resigns} 0-1